1046 1828 1983 1397 1307 1434 1174 1339 1168 1356 1313 1119 1922 1380 1719 1335 1922 1955 1642 1973 1387 1358 1069 1331 1670 1542 1180 1439 1503 1807 1730 1986 1304 1555 1291 1895 1935 1239 1951 1241 1257 1604 1444 1540 1862 1167 1489 1242 1093 1740 1325 1063 1888 1263 1874 1459 1287 1569 1105 1678 1456 1559 1998 1739 1600 1476 1114 1184 1843 1841 1952 1848 1362 1970 1526 1436 1492 1928 1798 1581 1145 1321 1597 1261 1953 1154 1401 1142 1418 1232 1760 1926 1663 1742 1520 1858 1380 1926 1685 BCNSPRNW ULIB Ver.6.0+V

เปลี่ยนเป็นภาษาไทย

Change to English
 แสดงรายละเอียดบรรณานุกรม
  กลับหน้าหลัก

Brief Record : Get Marc (ISO 2709) : E-mail record : QR code < ปิดหน้าต่าง
LEADER : 00000nam 2200000uu 4500
001    13399113607
003     ULIB
008    111207s2553||||th 000 0 tha d
020    ^a9786165010030
090    ^aนว.^bช543ว 2553
100 0  ^aชิชา
245 00 ^aวานคุณนายเป็นสายลับ ตอน ภารกิจวัดใจ/^cชิชา
250    ^aพิมพ์ครั้งที่ 1
260    ^aกรุงเทพฯ :^bPrincess,^c2553
300    ^a344 หน้า
710 1  ^aPrincess
945    ^p230^l0^i16659
995    ^aทศพร
999 ^a ทศพร
รายการนี้ยังไม่มีแท็ก
คุณยังไม่ได้ล็อกอิน คุณสามารถมีกิจกรรมร่วมกับเว็บไซต์ได้ แต่ต้องล็อกอินก่อน ::
  ล็อกอิน

รายการสื่อสารสนเทศ

ลำดับที่ ประเภท เลขเรียก/บาร์โค้ด สถานที่ สถานะ
1. นวนิยาย
นวนิยาย
นว. ช543ว 2553 ฉ.1 
  Barcode: 16659
ห้องสมุดวิทยาเขตสวรรค์ประชารักษ์
►นวนิยาย
บนชั้น
  ขอยืม

BibComment


ยังไม่เคยถูกคอมเมนท์

คอมเมนท์ทรัพยากรรายการนี้
  คอมเมนท์: วานคุณนายเป็นสาย..


 Copyright 2026. Bcnsprnw @Library